000 00303nam a2200121Ia 4500
008 250327s9999 xx 000 0 und d
020 _a9781446208625
082 _bCLO
_aCQR
100 _aPETER CLOUGH & CATHY NUTBROWN
_934556
245 0 _aA STUDENT'S GUIDE TO METHODOLOGY
260 _bSAGE
942 _cBK
999 _c7356
_d7356